S.S.C. English: (Record no. 153193)
[ view plain ]
| 000 -LEADER | |
|---|---|
| fixed length control field | 00747nam a22002057a 4500 |
| 005 - DATE AND TIME OF LATEST TRANSACTION | |
| control field | 20190104131704.0 |
| 010 ## - LCCN (DPL NO) | |
| LC control number | B-694170 |
| 020 ## - INTERNATIONAL STANDARD BOOK NUMBER | |
| Terms of availability | 500.00 |
| 035 ## - SYSTEM CONTROL NUMBER | |
| System control number | B-694170 |
| 037 ## - SOURCE OF ACQUISITION | |
| Source of stock number/acquisition | M.B. Books Pvt. Ltd. |
| 082 ## - DEWEY DECIMAL CLASSIFICATION NUMBER | |
| Classification number | 480.00 |
| 100 ## - MAIN ENTRY--PERSONAL NAME | |
| Personal name | Singh, Ajay K. |
| 245 ## - TITLE STATEMENT | |
| Title | S.S.C. English: |
| Remainder of title | (Previous Papers) 2013-2016 / |
| Statement of responsibility, etc | Singh, Ajay K. |
| 260 ## - PUBLICATION, DISTRIBUTION, ETC. (IMPRINT) | |
| Place of publication, distribution, etc | Patna |
| Name of publisher, distributor, etc | M.B. Books Pvt. Ltd. |
| Date of publication, distribution, etc | 2017 |
| 270 ## - ADDRESS | |
| Address | 3rd Floor, Ramdiri House, Dadiji Lanme, Boring Road, Pana-800001 |
| City | Patna |
| Postal code | 800001 |
| 300 ## - PHYSICAL DESCRIPTION | |
| Extent | 528p. |
| Dimensions | 28cm(pb) |
| 490 ## - SERIES STATEMENT | |
| Series statement | 113 SETS |
| 942 ## - ADDED ENTRY ELEMENTS (KOHA) | |
| Source of classification or shelving scheme | Dewey Decimal Classification |
| Item type | English Books |
| Classification part | 480 |
| Call number suffix | SIN |
| Withdrawn status | Lost status | Not for loan | Collection code | Home library | Current library | Date acquired | Source of acquisition | Cost, normal purchase price | Full call number | Barcode | Copy number | Cost, replacement price | Koha item type |
|---|---|---|---|---|---|---|---|---|---|---|---|---|---|
| Non-fiction | Andrews Gunj | Andrews Gunj | 04/01/2019 | Pansy Books/1748/21-05-18/RP/03/31-05-18 | 500.00 | 480 SIN | B-694170 | 1 | 500.00 | English Books |
